Dallas County

Braden Booth, Christian Allen


Current Events - U.S.215.00100%0%50%
Current Events - World220.00100%100%0%
Fine Arts - Architecture120.00100%100%0%
Fine Arts - Jazz120.00100%100%0%
Fine Arts - Miscellaneous215.00100%0%50%
Fine Arts - Music1417.1493%57%21%
Fine Arts - Opera120.00100%0%100%
Fine Arts - Painting823.75100%100%38%
Fine Arts - Photography120.00100%100%0%
Fine Arts - Sculpture110.00100%0%0%
Geography - World313.3367%67%0%
History - American1318.46100%69%15%
History - Cross, Historiography, and Miscellaneous1317.69100%62%15%
History - European1121.8291%82%46%
History - World920.00100%67%33%
Literature - American1221.67100%83%33%
Literature - British722.86100%86%43%
Literature - European925.56100%89%67%
Literature - World and Miscellaneous926.67100%100%67%
Other - Other Academic and General Knowledge712.8686%14%29%
RMP - Buddhism130.00100%100%100%
RMP - Christian Practice110.00100%0%0%
RMP - East Asian Religion120.00100%100%0%
RMP - Greco-Roman Mythology417.50100%50%25%
RMP - Hebrew Bible120.00100%0%100%
RMP - Hinduism120.00100%100%0%
RMP - Islam110.00100%0%0%
RMP - Jewish Practice10.000%0%0%
RMP - New Testament120.00100%100%0%
RMP - Other Religion110.00100%0%0%
RMP - Philosophy618.33100%67%17%
RMP - World Mythology720.00100%86%14%
Science - Astronomy320.00100%67%33%
Science - Biology918.8989%78%22%
Science - Chemistry1017.0090%40%40%
Science - Computer Science316.67100%67%0%
Science - Earth215.00100%50%0%
Science - Engineering and Miscellaneous120.00100%0%100%
Science - Math130.00100%100%100%
Science - Physics816.25100%50%13%
Social Science - Economics210.00100%0%0%
Social Science - Other120.00100%100%0%
Social Science - Psychology320.00100%33%67%
Social Science - Sociology110.00100%0%0%